00494nam a2200145Ia 4500008004100000041000800041082001700049100002200066245004400088260004100132300003300173365000700206999001300213952012200226240624s9999 xx 000 0 und d aeng a658.4063 JAW aJAWADEKAR WAMAN S aREDESIGNING THE BUSINESS ORGANIZATION A c1998aMumbaibJaico Publishing House axviii, : 221 : p. : cm. ; 25 cRS c737d737 00104070aIMTNbIMTNcRack 31-Bd2004-10-26eJBDg595.00o658.4063 JAWp737r2024-06-24 00:00:00t1w2024-06-24yBK